| 000 | 01763nam a22003137a 4500 | ||
|---|---|---|---|
| 003 | GR-AtMCL | ||
| 005 | 20250724125707.0 | ||
| 006 | a|||||r||||||||||| | ||
| 008 | 140710s2007||||gr |||e ||| 001 gre # | ||
| 020 | _a9789605125387 | ||
| 040 |
_aGRAtEVE _bgre _dGR-AtMCL _eAACR2 |
||
| 041 | 1 | _heng | |
| 100 |
_aCadenhead, Rogers _99855 |
||
| 245 | 1 | 0 |
_aΠλήρες εγχειρίδιο της Java 6 / _cRogers Cadenhead [και] Laura Lemay ; απόδοση Ελένη Γκαγκάτσιου |
| 260 |
_aΑθήνα : _bΓκιούρδας, _c2007 |
||
| 300 |
_aXX,679,[1]σ. ; _c24εκ. + _e1 σύμπυκνος δίσκος (CD-ROM) |
||
| 500 | _aΕυρετήριο: σ. 651-679 | ||
| 500 | _aΤίτλος πρωτοτύπου: Sams teach yourself Java 6 in 21 days | ||
| 500 | _aΠαράρτημα: σ. 599-649 | ||
| 500 | _aΗ μετάφραση έγινε από την 5η αμερικανική έκδοση | ||
| 520 | _aΣε 21 μαθήματα, μόνο, μπορείτε να αποκτήσετε τις γνώσεις και τις ικανότητες που απαιτούνται για την ανάπτυξη τριών ειδών προγραμμάτων με τη Java: εφαρμογές που εκτελούνται στον υπολογιστή σας, servlets που εκτελούνται σ' έναν web server και εφαρμογές Java Web Start που εκκινούν από το περιβάλλον μιας εφαρμογές browser. | ||
| 650 | _aJava (Γλώσσα προγραμματισμού) | ||
| 650 | 0 |
_aΠληροφορική _99850 |
|
| 650 | 0 |
_aComputing _99851 |
|
| 700 | 1 |
_aLemay, Laura _95694 |
|
| 700 |
_aΓκαγκάτσιου, Ελένη _99856 |
||
| 942 | _cBK | ||
| 999 |
_c9825 _d9825 |
||